|
|
|
|
| LEADER |
01622nam a22003017a 4500 |
| 001 |
36099 |
| 003 |
BD-DhAAL |
| 008 |
211026t1992 bg a|||| b||| 00| 0 ben d |
| 020 |
|
|
|a 9840743260
|
| 040 |
|
|
|a BD-DhAAL
|
| 082 |
|
|
|a 579.5
|2 22
|
| 100 |
|
|
|a আশরাফউজ্জামান, হাসান.
|9 42211
|
| 245 |
|
|
|a ছত্রাকতত্ত্ব /
|c হাসান আশরাফউজ্জামান.
|
| 246 |
|
|
|a Chatrak tattwa
|
| 246 |
|
|
|a A textbook of fungi
|
| 260 |
|
|
|a ঢাকা :
|b বাংলা একাডেমী,
|c ১৯৯২.
|
| 300 |
|
|
|a ১৮৮ পৃষ্ঠা :
|b চিত্র ;
|c ২২ সে.মি.
|
| 504 |
|
|
|a গ্রন্থপঞ্জী অন্তর্গত (পৃষ্ঠা [১৮৫]-১৮৬)।
|
| 526 |
|
|
|a BIED
|
| 541 |
|
|
|a Complimentary copy from BIED
RS campus, Saver.
|e 36099, 41413
|
| 650 |
|
|
|a Fungi.
|9 42212
|
| 650 |
|
|
|a Fungi
|v Classification.
|9 42213
|
| 650 |
|
|
|a Natural Science.
|9 42214
|
| 852 |
|
|
|a Ayesha Abed Library
|c General Stacks
|
| 942 |
|
|
|2 ddc
|c BK
|
| 999 |
|
|
|c 43269
|d 43269
|
| 952 |
|
|
|0 0
|1 0
|2 ddc
|4 0
|6 579_500000000000000_ASH
|7 0
|9 69419
|a BRACUL
|b BRACUL
|c GEN
|d 2021-10-26
|e Complimentary copy from BIED
|l 1
|o 579.5 ASH
|p 3010036099
|r 2024-12-22
|s 2024-12-15
|t 1
|w 2021-10-26
|y BK
|x Transferred from BIED to General Stacks
|
| 952 |
|
|
|0 0
|1 0
|2 ddc
|4 0
|6 579_500000000000000_ASH
|7 0
|9 74279
|a SCL
|b SCL
|c GEN
|d 2023-08-20
|e RS Saver campus.
|g 120.00
|l 0
|o 579.5 ASH
|p 3020041413
|r 2023-08-20
|t 1
|w 2023-08-20
|y BK
|x As directed by University librarian (30.05.2023), the accession of this book has been renewed. Previous Accession no of TARC, Savar: 4326
|